000 02695nam a22004937a 4500
001 20675571
005 20231102085808.0
008 231102b |||||||| |||| 00| 0 eng d
010 _a 2018958899
015 _aGBB915152
_2bnb
016 7 _a019221448
_2Uk
020 _a1786431629
020 _a9781786431622
035 _a(OCoLC)on1047541034
040 _aYDX
_beng
_cKMU
_erda
_dKMU
042 _alccopycat
050 0 0 _aHT 169.C6
_bH366 2019
245 0 0 _aHandbook on urban development in China /
_cedited by Ray Yep, Department of Public Policy, City University of Hong Kong, June Wang, Department of Public Policy, City University of Hong Kong, Thomas Johnson, Department of Politics, University of Sheffield, UK.
264 1 _aCheltenham, UK ;
_aNorthampton, MA :
_bEdward Elgar Publishing,
_c2019.
264 4 _c©2019
300 _axiii, 416 pages :
_billustrations ;
_c25 cm.
336 _atext
_btxt
_2rdacontent
337 _aunmediated
_bn
_2rdamedia
338 _avolume
_2rdacarrier
490 0 _aHandbooks of research on contemporary China
504 _aIncludes bibliographical references and index.
505 0 _aPart I. Instututional setting -- Part II. Policy directions -- Part III. Individuality and private pursuit -- Part IV. Urban-rural interface -- Part V. Mobilization and governance.
520 _aThe trajectory and logic of urban development in post-Mao China have been shaped and defined by the contention between domestic and global capital, central and local state and social actors of different class status and endowment. This urban transformation process of historic proportion entails new rules for distribution and negotiation, novel perceptions of citizenship, as well as room for unprecedented spontaneity and creativity. Based on original research by leading experts, this book offers an analysis of the new logic of urban governance and its implications.
650 0 _aCity planning
_zChina
_vHandbooks, manuals, etc.
650 0 _aCities and towns
_zChina
_xGrowth
_vHandbooks, manuals, etc.
650 0 _aUrbanization
_zChina
_vHandbooks, manuals, etc.
650 0 _aUrban policy
_zChina.
650 7 _aCity planning.
_2fast
_0(OCoLC)fst00862177
650 7 _aUrban policy.
_2fast
_0(OCoLC)fst01162489
651 7 _aChina.
_2fast
_0(OCoLC)fst01206073
655 7 _aHandbooks and manuals.
_2lcgft
700 1 _aYep, Ray,
_d1964-
_eeditor.
700 1 _aWang, Jun,
_d1942 June 4-
_eeditor.
700 1 _aJohnson, Thomas,
_eeditor.
830 0 _aHandbooks of research on contemporary China.
906 _a7
_bcbc
_ccopycat
_d2
_encip
_f20
_gy-gencatlg
942 _2lcc
_cBK
_n0
999 _c706
_d706